000 00789nam a2200241 a 4500
001 5894
003 BD-RjUL
005 20211208234141.0
008 140108r19571967enk b 001 0 eng d
035 _a(BD-RjUL)5933
040 _aANL
_beng
_cANL
_dABN:1
_dBD-RjUL
041 _aeng
082 0 4 _a354.42
_bMAC 1967
100 1 _aMackenzie, W. J. M.
_q(William James Millar),
_d1909-
_918526
245 1 0 _aCentral administration in Britain /
_cby W. J. M. Mackenzie and J. W. Grove.
260 _aLondon :
_bLongmans,
_c1957 [impression1967].
300 _axvi, 485 p, ;
_c22 cm.
504 _aIncludes index and bibliography.
650 0 _aCivil service
_zGreat Britain.
_918527
650 0 _aExecutive departments
_zGreat Britain.
_918016
700 1 _aGrove, J. W.
_912129
942 _2ddc
_cBK
999 _c5894
_d5894